La historia de los árabes /
Kaydedildi:
| Yazar: | |
|---|---|
| Diğer Yazarlar: | , |
| Materyal Türü: | Elektronik Ekitap |
| Dil: | İspanyolca İngilizce |
| Baskı/Yayın Bilgisi: |
Barcelona (España) :
Ediciones B,
[2013]
|
| Seri Bilgileri: | No ficcion (Ediciones B (Firm))
|
| Konular: | |
| Online Erişim: | Digitalia Hispánica |
| Etiketler: |
Etiketle
Etiket eklenmemiş, İlk siz ekleyin!
|
MARC
| LEADER | 00000nam a2200000Ii 4500 | ||
|---|---|---|---|
| 001 | DIGEDICNSB0025 | ||
| 003 | NyNyDIG | ||
| 008 | 221005s2013 sp ab ob 001 0 spa d | ||
| 006 | m o d | ||
| 007 | cr ||||||||||| | ||
| 035 | |a (OCoLC)1379442627 | ||
| 040 | |a DGITA |b eng |e rda |e pn |c DGITA | ||
| 020 | |a 9788490196397 |q eBook | ||
| 020 | |z 9788496778771 | ||
| 041 | 1 | |a spa |h eng | |
| 043 | |a ma----- | ||
| 050 | 1 | 4 | |a DS37.7 ebook |
| 100 | 1 | |a Hourani, Albert, |d 1915-1993, |e author. | |
| 240 | 1 | 0 | |a History of the Arab Peoples. |l Spanish |s (Leal and Izquierdo Ramon) |
| 245 | 1 | 3 | |a La historia de los árabes / |c Albert Hourani ; traducción de Aníbal Leal ; traducción del epílogo, Miquel Izquierdo. |
| 264 | 1 | |a Barcelona (España) : |b Ediciones B, |c [2013] | |
| 300 | |a 1 online resource : |b illustrations, maps. | ||
| 336 | |a text |b txt |2 rdacontent | ||
| 337 | |a computer |b c |2 rdamedia | ||
| 338 | |a online resource |b cr |2 rdacarrier | ||
| 347 | |a text file |2 rdaft | ||
| 347 | |b EPUB | ||
| 490 | 1 | |a No Ficción | |
| 500 | |a "«He aquí, por fin, una historia realmente accesible y sin prejuicios de los árabes.» Edward Said." | ||
| 504 | |a Includes bibliographical references and index. | ||
| 588 | 0 | |a Online resource; title from ePub title page (Digitalia, viewed October 05, 2022) | |
| 651 | 0 | |a Arab countries |x History. | |
| 700 | 1 | |a Leal, Aníbal, |e translator. | |
| 700 | 1 | |a Izquierdo Ramon, Miquel, |e translator. | |
| 700 | 1 | |i Translation of: |a Hourani, Albert, |d 1915-1993. |t History of the Arab Peoples. | |
| 791 | 2 | |a Digitalia (Firm), |e distributor. | |
| 793 | 0 | |g Digitalia eBook Collection: |a Ediciones B | |
| 776 | 0 | 8 | |i Print version: |a Hourani, Albert, 1915-1993. |s History of the Arab Peoples. Spanish (Leal and Izquierdo Ramon). |t Historia de los árabes. |b 1a edición. |d Barcelona (España) : Ediciones B, [2013] |z 9788496778771 |
| 830 | 0 | |a No ficcion (Ediciones B (Firm)) | |
| 856 | 4 | 0 | |3 Digitalia Hispánica |u https://digitalia.unach.elogim.com/a/52835/ |
| 910 | |a Premium collection: 2022 | ||